FC 24 Heroes - Statistics

General Stats
  • This quiz has been taken 27 times
    23 since last reset
  • The average score is 38 of 61
Answer Stats
rat pos club hero % Correct
Heroes 89 ST LaLiga Fernando Morientes
94%
Heroes 89 LM Ligue 1 David Ginola
89%
Heroes 89 CB Bundesliga Jürgen Kohler
89%
Heroes 89 ST Bundesliga Rudi Völler
83%
Heroes 88 ST Serie A Antonio Di Natale
78%
Heroes 87 CM Serie A Claudio Marchisio
78%
Heroes 88 CAM Premier League Jay-Jay Okocha
78%
Heroes 89 CAM Ligue 1 Abedi Pelé
72%
Heroes 88 LWB Bundesliga Bixente Lizarazu
72%
Heroes 88 ST Premier League Carlos Tévez
72%
Heroes 88 CAM Eredivisie Jari Litmanen
72%
Heroes 89 ST Ligue 1 Jean-Pierre Papin
72%
Heroes 87 RW Premier League Joe Cole
72%
Heroes 86 CF MLS Landon Donovan
72%
Heroes 88 ST Bundesliga Mario Gomez
72%
Heroes 85 RW Saudi Pro League Saeed Al-Owairan
72%
Heroes 85 RB Women's Super League Alex Scott
67%
Heroes 85 CAM MLS Clint Dempsey
67%
Heroes 89 ST Serie A Gianluca Vialli
67%
Heroes 87 LW Premier League Harry Kewell
67%
Heroes 87 CB Serie A Iván Córdoba
67%
Heroes 86 CF Premier League Nwankwo Kanu
67%
Heroes 88 CB Liga Portugal Ricardo Carvalho
67%
Heroes 86 ST Saudi Pro League Sami Al-Jaber
67%
Heroes 85 LM MLS DaMarcus Beasley
61%
Heroes 88 ST Serie A Diego Milito
61%
Heroes 86 CAM Eredivisie Dirk Kuyt
61%
Heroes 86 GK Premier League Jerzy Dudek
61%
Heroes 87 GK MLS Jorge Campos
61%
Heroes 89 CB Serie A Lucio
61%
Heroes 85 ST Premier League Peter Crouch
61%
Heroes 86 LB Division 1 Sonia Bompastor
61%
Heroes 86 CAM Premier League Tomáš Rosický
61%
Heroes 86 CAM LaLiga Aleksandr Mostovoi
56%
Heroes 88 ST LaLiga Diego Forlán
56%
Heroes 87 CAM Serie A Hidetoshi Nakata
56%
Heroes 88 CB LaLiga Javier Mascherano
56%
Heroes 86 LB LaLiga Joan Capdevila
56%
Heroes 86 CB Premier League Ledley King
56%
Heroes 88 CM Frauen-Bundesliga Nadine Keßler
56%
Heroes 86 CDM Premier League Ramires
56%
Heroes 86 ST Premier League Robbie Keane
56%
Heroes 87 CAM Serie A Rui Costa
56%
Heroes 86 ST Ligue 1 Sidney Govou
56%
Heroes 85 ST Premier League Tim Cahill
56%
Heroes 88 CB Premier League Vincent Kompany
56%
Heroes 88 CAM Serie A Wesley Sneijder
56%
Heroes 87 CDM Premier League Yaya Touré
56%
Heroes 86 LB Premier League John Arne Riise
50%
Heroes 85 CAM Bundesliga Lars Ricken
50%
Heroes 86 LM Premier League Park Ji-Sung
50%
Heroes 88 LW LaLiga Paulo Futre
50%
Heroes 88 CB LaLiga Rafael Márquez
50%
Heroes 87 ST Serie A Tomas Brolin
50%
Heroes 86 ST Bundesliga Włodzimierz Smolarek
50%
Heroes 88 CF LPF Enzo Francescoli
44%
Heroes 86 LM Premier League Freddie Ljungberg
44%
Heroes 86 RM Ligue 1 Ludovic Giuly
44%
Heroes 86 ST Premier League Ole Gunnar Solskjær
44%
Heroes 87 ST Premier League Dimitar Berbatov
39%
Heroes 87 RM Premier League Steve McManaman
39%
No matching quizzes found
Score Distribution
Percent of People with Each Score
Percentile by Number Answered
Your Score History
You have not taken this quiz since the last reset